| Поле | Название | Значение |
| |
Тип записи |
a |
| |
Библиографический уровень |
m |
| 001 |
Контрольный номер |
RU/SLIB/B/208734931 |
| 005 |
Дата корректировки |
20230310124334.8 |
| 010 |
Индекс ISBN |
__ |
| a |
ISBN |
5-8192-0037-3 |
| d |
Цена |
45-00 |
| 101 |
Язык документа |
0_ |
| a |
Язык текста |
rus |
| c |
Язык оригинала |
rus |
| 200 |
Заглавие и сведения об ответственности |
1_ |
| a |
Заглавие |
Русские писатели. Поэты |
| e |
Сведения, относящиеся к заглавию |
(советский период) : библиогр. указ. |
| f |
Первые сведения об ответственности |
редкол.: О. Д. Голубева [и др.] ; сост.: Д. Б. Азиатцев [и др.] |
| b |
Общее обозначение материала |
Текст |
| h |
Номер части |
Т. 22 |
| i |
Наименование части |
Н. Рыленков - М. Светлов |
| 210 |
Выходные данные |
1_ |
| a |
Место издания |
СПб. |
| c |
Издательство |
Изд-во Рос. нац. б-ки |
| d |
Дата издания |
1999 |
| 215 |
Физическое описание |
__ |
| a |
Объем |
480 с. |
| 320 |
Библиография |
__ |
| a |
Библиография |
Им. указ.: с. 439-478 |
| 330 |
Аннотация |
__ |
| a |
Аннотация |
Двадцать второй том указателя "Русские писатели. Поэты. (Советский период)" включает сведения о пяти поэтах. Хронологические рамки тома: 1913-1996 гг., учтены отдельные поздние материалы за 1997-1998 гг. |
| 517 |
Другие варианты заглавия |
1_ |
| a |
Другие варианты заглавия |
Поэты (советский период) |
| 600 |
Персоналии |
_1 |
| a |
Персоналии (Фамилия) |
Рыленков, Н. И. |
| 600 |
Персоналии |
_1 |
| a |
Персоналии (Фамилия) |
Садофьев, И. И. |
| 600 |
Персоналии |
_1 |
| a |
Персоналии (Фамилия) |
Самойлов, Д. С. |
| 600 |
Персоналии |
_1 |
| a |
Персоналии (Фамилия) |
Санников, Г. А. |
| 600 |
Персоналии |
_1 |
| a |
Персоналии (Фамилия) |
Светлов, М. А. |
| 606 |
Тематические рубрики |
__ |
| a |
Основная рубрика |
Литература универсального содержания |
| z |
Хронологическая подрубрика |
1913-1998 гг.; 20 в. |
| y |
Географическая подрубрика |
Россия; РФ; Российская Федерация; СССР |
| 606 |
Тематические рубрики |
__ |
| a |
Основная рубрика |
Библиографические пособия |
| 606 |
Тематические рубрики |
__ |
| a |
Основная рубрика |
Литературоведение |
| 606 |
Тематические рубрики |
__ |
| a |
Основная рубрика |
Русская литература XX в. |
| 610 |
Ключевые слова |
0_ |
| a |
Ключевые слова |
советская литература; поэты; прозаики; писатели; библиография; художественная литература; персоналии |
| 686 |
Индексы других классификаций |
__ |
| a |
Классификационный индекс |
91.9:83 |
| 686 |
Индексы других классификаций |
__ |
| a |
Классификационный индекс |
83.3(2Рос=Рус)6я1; ст91.9:83 + ст83.3(2Рос=Рус)6я1 |
| 702 |
Вторичная интеллектуальная ответственность |
_1 |
| a |
Фамилия |
Голубева |
| b |
Имя |
О. Д. |
| 4 |
Код отношения |
Редактор |
| 4 |
Код отношения |
340 |
| 702 |
Вторичная интеллектуальная ответственность |
_1 |
| a |
Фамилия |
Захаренко |
| b |
Имя |
Н. Г. |
| 4 |
Код отношения |
Редактор |
| 4 |
Код отношения |
340 |
| 702 |
Вторичная интеллектуальная ответственность |
_1 |
| a |
Фамилия |
Андреев |
| b |
Имя |
Ю. А. |
| 4 |
Код отношения |
Редактор |
| 4 |
Код отношения |
340 |
| 702 |
Вторичная интеллектуальная ответственность |
_1 |
| a |
Фамилия |
Азиатцев |
| b |
Имя |
Д. Б. |
| 4 |
Код отношения |
Составитель |
| 4 |
Код отношения |
220 |
| 702 |
Вторичная интеллектуальная ответственность |
_1 |
| a |
Фамилия |
Бенина |
| b |
Имя |
М. А. |
| 4 |
Код отношения |
Составитель |
| 4 |
Код отношения |
220 |
| 702 |
Вторичная интеллектуальная ответственность |
_1 |
| a |
Фамилия |
Дорина |
| b |
Имя |
Т. П. |
| 4 |
Код отношения |
Составитель |
| 4 |
Код отношения |
220 |
| 801 |
Источник записи |
_0 |
| a |
Страна |
RU |
| b |
Организация |
Муниципальное бюджетное учреждение культуры "Централизованная библиотечная система" г. Сургут (Центральная городская библиотека им. А. С. Пушкина) |
| g |
Правила каталогизации |
КиК/Поспелова |
| 801 |
Источник записи |
_1 |
| a |
Страна |
RU |
| b |
Организация |
Муниципальное бюджетное учреждение культуры "Централизованная библиотечная система" г. Сургут (Центральная городская библиотека им. А. С. Пушкина) |
| g |
Правила каталогизации |
КиК/Поспелова |
| 852 |
Данные о местонахождении |
__ |
| j |
Шифр хранения |
91.9:83 |
| i |
Авторский знак |
Р 89 |
| 901 |
Тип документа |
__ |
| t |
Тип документа |
m |
| 903 |
Характеристики (МАРС) |
__ |
| a |
Дата передачи |
20030211 |
| 969 |
Тип издания |
__ |
| a |
Тип издания |
библиографический указатель |
| 990 |
Данные о заказе (DOS) |
__ |
| j |
Количество экземпляров (DOS) |
6 |
| t |
N записи в КСУ для И/У (DOS) |
200302 |